[Event "Collado Villalba op 40th"]
[Site "Collado Villalba"]
[Date "2023.08.24"]
[Round "3"]
[White "Donate Moreno, Silvia"]
[Black "Gonzalez Bolado, David"]
[Result "1-0"]
[WhiteElo "1962"]
[BlackElo "1372"]
[PlyCount "79"]
[EventDate "2023.08.22"]
[EventType "swiss"]
[EventRounds "9"]
[EventCountry "ESP"]
[SourceTitle "EXT 2024"]
[Source "ChessBase"]
[SourceDate "2023.10.10"]
[SourceVersion "1"]
[SourceVersionDate "2023.10.10"]
[SourceQuality "1"]

1. e4 c5 2. g3 Nc6 3. Bg2 e5 4. Ne2 d6 5. c3 g6 6. Na3 Bg7 7. Nc2 Nge7 8. d3 0-0 9. Be3 b6 10. 0-0 Bg4 11. f3 Be6 12. Qd2 Qc7 13. d4 cxd4 14. cxd4 Bc4 15. d5 Nd4 16. Ncxd4 exd4 17. Bf2 Bxe2 18. Qxe2 f5 19. Qd3 Qc5 20. Rfc1 Qb4 21. Rc7 Bf6 22. Rb1 Rfc8 23. a3 Qa4 24. Rbc1 Rxc7 25. Rxc7 Rc8 26. Rxc8+ Nxc8 27. exf5 Ne7 28. fxg6 hxg6 29. Bh3 Kg7 30. Be6 a5 31. h4 b5 32. b3 Qxa3 33. Bxd4 Qc1+ 34. Kg2 Bxd4 35. Qxd4+ Kh7 36. h5 Qg5 37. hxg6+ Nxg6 38. f4 Nh4+ 39. Kf2 Nf5 40. Qd3 1-0

[Event "ESP-ch Rapid"]
[Site "Linares"]
[Date "2023.08.19"]
[Round "1"]
[White "Donate Moreno, Silvia"]
[Black "Domingo Nunez, Ruben"]
[Result "1-0"]
[WhiteElo "1962"]
[BlackElo "2420"]
[PlyCount "89"]
[EventDate "2023.08.19"]
[EventType "swiss (rapid)"]
[EventRounds "10"]
[EventCountry "ESP"]
[SourceTitle "CBM 215 Extra"]
[Source "ChessBase"]
[SourceDate "2023.09.30"]
[SourceVersion "1"]
[SourceVersionDate "2023.09.30"]
[SourceQuality "1"]

1. e4 g6 2. d4 Bg7 3. Nc3 c6 4. f4 d5 5. e5 f6 6. Nf3 Nh6 7. Be3 Bg4 8. Be2 0-0 9. Qd2 Nf5 10. Bf2 Bxf3 11. Bxf3 fxe5 12. fxe5 e6 13. 0-0 c5 14. dxc5 Nc6 15. Nb5 Nxe5 16. Be2 Nc6 17. c3 a6 18. Nd4 Nfxd4 19. Bxd4 Nxd4 20. cxd4 Qh4 21. Rad1 Rxf1+ 22. Bxf1 Rf8 23. Qe3 Qf6 24. g3 Bh6 25. Qe2 Qf5 26. Bg2 Bg7 27. b4 h5 28. a4 Kh7 29. b5 axb5 30. axb5 Ra8 31. Kh1 Re8 32. Bf3 Rf8 33. Kg2 Ra8 34. c6 bxc6 35. bxc6 Rc8 36. g4 hxg4 37. Bxg4 Qg5 38. h4 Qf4 39. Rf1 Qxd4 40. Qxe6 Rxc6 41. Qe2 Rc3 42. h5 gxh5 43. Rh1 Re3 44. Qc2+ Qd3 45. Bf5+ 1-0

[Event "La Nucia op 3rd"]
[Site "La Nucia"]
[Date "2022.10.13"]
[Round "6"]
[White "Del Rio de Angelis, Salvador Gabriel"]
[Black "Donate Moreno, Silvia"]
[Result "1-0"]
[WhiteElo "2444"]
[BlackElo "1936"]
[PlyCount "87"]
[EventDate "2022.10.09"]
[EventType "swiss"]
[EventRounds "9"]
[EventCountry "ESP"]
[SourceTitle "CBM 210 Extra"]
[Source "ChessBase"]
[SourceDate "2022.11.30"]
[SourceVersion "1"]
[SourceVersionDate "2022.11.30"]
[SourceQuality "1"]

1. d4 Nf6 2. c4 e6 3. Nf3 d5 4. Nc3 Bb4 5. Qa4+ Nc6 6. e3 0-0 7. Bd2 Bd7 8. Qc2 Ne7 9. a3 Bxc3 10. Bxc3 Bc6 11. Ne5 a5 12. Be2 dxc4 13. Nxc6 Nxc6 14. Bxc4 Nd5 15. 0-0 Qg5 16. Bd2 Qf6 17. Rac1 Rfd8 18. Rfd1 Rab8 19. Be1 Nde7 20. Bd3 h6 21. Be4 Qg5 22. Qe2 f5 23. Bb1 Rd5 24. Ba2 Rd6 25. b4 axb4 26. axb4 Nd5 27. Bxd5 exd5 28. b5 Nd8 29. Rxc7 Ne6 30. Bb4 Nxc7 31. Bxd6 Qd8 32. Be5 Rc8 33. h3 Ne8 34. Kh2 Qd7 35. Rg1 Qe6 36. Qf3 Rc2 37. Ra1 Rb2 38. Ra8 Kh7 39. Qg3 Nf6 40. Rd8 Qf7 41. Bxf6 Qxf6 42. Rxd5 Qb6 43. Rd6 Qxb5 44. Qg6+ 1-0

[Event "ESP-ch U18 Rapid"]
[Site "Salobrena"]
[Date "2022.08.07"]
[Round "7"]
[White "Donate Moreno, Silvia"]
[Black "Rodriguez Redondo, Adhara"]
[Result "0-1"]
[WhiteElo "1475"]
[BlackElo "1674"]
[PlyCount "138"]
[EventDate "2022.08.06"]
[EventType "swiss (rapid)"]
[EventRounds "9"]
[EventCountry "ESP"]
[SourceTitle "EXT 2023"]
[Source "ChessBase"]
[SourceDate "2022.10.05"]
[SourceVersion "1"]
[SourceVersionDate "2022.10.05"]
[SourceQuality "1"]

1. e4 e5 2. Nf3 Nc6 3. d4 exd4 4. Nxd4 Nf6 5. Nxc6 bxc6 6. e5 Qe7 7. Qe2 Nd5 8. c4 Nb6 9. b3 a5 10. Bb2 a4 11. Qe3 Qe6 12. Bd3 Bb4+ 13. Nd2 0-0 14. 0-0 d5 15. c5 Nd7 16. Rac1 Qe7 17. Bd4 Ra5 18. Nf3 Bxc5 19. Rfe1 Bb4 20. Bc3 Bxc3 21. Rxc3 c5 22. Qf4 h6 23. Qf5 g6 24. Qf4 Kg7 25. h4 Ba6 26. Bxa6 Rxa6 27. bxa4 Rfa8 28. e6 Rxe6 29. Rxe6 Qxe6 30. Qxc7 Rxa4 31. Re3 Re4 32. Ra3 d4 33. Ra7 Nf6 34. Qxc5 d3 35. Qc3 Qd6 36. Ra3 Re2 37. Qxd3 Qxd3 38. Rxd3 Rxa2 39. Rd4 h5 40. Ne5 Ra5 41. Nd3 Ng4 42. g3 Ra1+ 43. Kg2 Rd1 44. Rd6 Ne5 45. Nxe5 Rxd6 46. Kf3 Rf6+ 47. Ke3 Re6 48. Kf4 f6 49. Nd3 Ra6 50. Ke3 Ra3 51. Ke2 g5 52. Ne1 Ra4 53. Nf3 Kg6 54. Ke3 Ra3+ 55. Ke2 Kf5 56. Nd2 Kg4 57. Ne4 gxh4 58. gxh4 Kxh4 59. Nxf6 Kg5 60. Ne4+ Kf4 61. Nd6 Ra1 62. Nc4 h4 63. Ne3 h3 64. Nd5+ Ke5 65. Ne3 Kf4 66. Nd5+ Kg5 67. Nc3 h2 68. Ne4+ Kf4 69. Ng3 h1Q 0-1

[Event "ESP-ch U18"]
[Site "Salobrena"]
[Date "2022.08.01"]
[Round "2"]
[White "Carbonell Sancho, Marc"]
[Black "Donate Moreno, Silvia"]
[Result "1-0"]
[WhiteElo "2284"]
[BlackElo "1962"]
[PlyCount "73"]
[EventDate "2022.08.01"]
[EventType "swiss"]
[EventRounds "9"]
[EventCountry "ESP"]
[SourceTitle "EXT 2023"]
[Source "ChessBase"]
[SourceDate "2022.10.05"]
[SourceVersion "1"]
[SourceVersionDate "2022.10.05"]
[SourceQuality "1"]

1. c4 e5 2. Nc3 Nf6 3. g3 d5 4. cxd5 Nxd5 5. Bg2 Nb6 6. Nf3 Nc6 7. 0-0 Bd6 8. d3 0-0 9. a3 Kh8 10. Ne4 a5 11. Qc2 f5 12. Nxd6 cxd6 13. Bd2 d5 14. Qc5 Be6 15. Bg5 Qc7 16. Nxe5 Na4 17. Qc2 Qxe5 18. Qxa4 Rfc8 19. Bf4 Qf6 20. Rfc1 Nd4 21. Bf1 b5 22. Rxc8+ Rxc8 23. Qd1 Nc2 24. Rc1 Qxb2 25. Rb1 Qxa3 26. Rxb5 d4 27. Qd2 a4 28. Qa5 Qc3 29. Qa7 Qc6 30. Rb7 Qxb7 31. Qxb7 a3 32. h4 a2 33. Be5 Rg8 34. h5 h6 35. Qc6 a1Q 36. Qxe6 Qc1 37. e3 1-0

[Event "ESP-ch U18"]
[Site "Salobrena"]
[Date "2021.07.28"]
[Round "4"]
[White "Guillo Longares, Cecilia"]
[Black "Donate Moreno, Silvia"]
[Result "1-0"]
[WhiteElo "2019"]
[BlackElo "1823"]
[PlyCount "107"]
[EventDate "2021.07.26"]
[EventType "swiss"]
[EventRounds "9"]
[EventCountry "ESP"]
[SourceTitle "CBM 203 Extra"]
[Source "ChessBase"]
[SourceDate "2021.09.30"]
[SourceVersion "1"]
[SourceVersionDate "2021.09.30"]
[SourceQuality "1"]

1. d4 d5 2. c4 e6 3. Nc3 f5 4. Nf3 Nf6 5. g3 c6 6. Bg2 Bd6 7. 0-0 0-0 8. Qc2 Qe7 9. Rb1 Nbd7 10. cxd5 exd5 11. Bg5 g6 12. Nh4 Qg7 13. Qd2 Re8 14. Bh6 Qe7 15. f3 Nb6 16. e4 fxe4 17. fxe4 dxe4 18. Bg5 Rf8 19. Rxf6 Rxf6 20. Nxe4 Nd5 21. Nxf6+ Nxf6 22. Rf1 Bf5 23. Nxf5 gxf5 24. Rxf5 Rf8 25. Qf2 Kg7 26. Qd2 Kg8 27. Bh6 Rf7 28. Qg5+ Kh8 29. Bf1 Ng8 30. Rxf7 Qxf7 31. Bc4 Qg6 32. Bxg8 Qxg5 33. Bxg5 Kxg8 34. Kf2 Kf7 35. Ke3 Ke6 36. Ke4 Bc7 37. Bf4 Bd8 38. g4 Bh4 39. g5 a6 40. b3 b5 41. Be3 Be1 42. Kf4 Bc3 43. h4 Bb4 44. h5 Bf8 45. Ke4 a5 46. a4 bxa4 47. bxa4 Bb4 48. Bf4 Be7 49. Bd2 Bd8 50. Bf4 Be7 51. h6 Bd8 52. g6 hxg6 53. h7 Bf6 54. Be5 1-0

[Event "ESP-ch U16"]
[Site "Salobrena"]
[Date "2021.07.24"]
[Round "9"]
[White "Donate Moreno, Silvia"]
[Black "Revaliente Montoya, Ciro"]
[Result "0-1"]
[WhiteElo "1823"]
[BlackElo "2056"]
[PlyCount "80"]
[EventDate "2021.07.19"]
[EventType "swiss"]
[EventRounds "9"]
[EventCountry "ESP"]
[SourceTitle "EXT 2022"]
[Source "ChessBase"]
[SourceDate "2021.10.06"]
[SourceVersion "1"]
[SourceVersionDate "2021.10.06"]
[SourceQuality "1"]

1. e4 c5 2. Nf3 Nc6 3. d4 cxd4 4. Nxd4 Qb6 5. Nb3 Nf6 6. Bd3 e6 7. Nc3 Bb4 8. Bd2 0-0 9. Qe2 Ne5 10. f4 Nxd3+ 11. Qxd3 d5 12. e5 Bxc3 13. Bxc3 Ne4 14. Bd4 Qc7 15. 0-0 b6 16. a4 a5 17. Qe3 Rb8 18. Rf3 Bd7 19. Rh3 Rfc8 20. Bc3 Nxc3 21. bxc3 Qd8 22. Nd4 Rc4 23. Qd3 g6 24. Qe3 Qf8 25. Qe1 Rbc8 26. Qh4 h6 27. Rb1 Rxc3 28. Rb3 R3c4 29. Rbd3 Bxa4 30. c3 b5 31. Qf6 Qg7 32. Qe7 b4 33. cxb4 axb4 34. g4 Qf8 35. Qf6 Rxd4 36. Rxd4 Qc5 37. Rhd3 b3 38. Qh4 b2 39. Qe1 Qxd4+ 40. Rxd4 Rc1 0-1

[Event "ESP-ch U16"]
[Site "Salobrena"]
[Date "2021.07.19"]
[Round "2"]
[White "Donate Moreno, Silvia"]
[Black "Aguado Doncel, Pablo Luis"]
[Result "0-1"]
[WhiteElo "1823"]
[BlackElo "2129"]
[PlyCount "86"]
[EventDate "2021.07.19"]
[EventType "swiss"]
[EventRounds "9"]
[EventCountry "ESP"]
[SourceTitle "EXT 2022"]
[Source "ChessBase"]
[SourceDate "2021.10.06"]
[SourceVersion "1"]
[SourceVersionDate "2021.10.06"]
[SourceQuality "1"]

1. e4 c5 2. Nf3 d6 3. d4 cxd4 4. Nxd4 Nf6 5. Nc3 g6 6. f3 Bg7 7. Be3 0-0 8. Qd2 Nc6 9. g4 Be6 10. Nxe6 fxe6 11. h4 d5 12. g5 d4 13. gxf6 Bxf6 14. Nd1 dxe3 15. Qxd8 Raxd8 16. c3 Rd2 17. Rb1 Rfd8 18. Nxe3 Rxb2 19. Rc1 Be5 20. f4 Bxf4 21. Rh3 Ne5 22. Rc2 Rb1+ 23. Ke2 Rd3 24. Nc4 Rdd1 25. Nxe5 Bxe5 26. Bg2 Rdc1 27. Kd3 Ra1 28. Rxc1 Rxc1 29. Rf3 Rxc3+ 30. Kd2 Rxf3 31. Bxf3 h5 32. Ke3 Bg3 33. Be2 Bxh4 34. Kf4 Kf7 35. e5 Bf2 36. Bf3 b5 37. Bc6 b4 38. Ba4 Be1 39. Bb3 Bd2+ 40. Kg3 g5 41. Bd1 Kg6 42. Bc2+ Kh6 43. Bb3 Bf4+ 0-1

[Event "ESP-chT Regional U16"]
[Site "Gijon"]
[Date "2021.06.19"]
[Round "4.4"]
[White "Portela Medrano, Carmen"]
[Black "Donate Moreno, Silvia"]
[Result "0-1"]
[WhiteElo "1159"]
[BlackElo "1847"]
[PlyCount "108"]
[EventDate "2021.06.17"]
[EventType "team-swiss"]
[EventRounds "6"]
[EventCountry "ESP"]
[SourceTitle "EXT 2022"]
[Source "ChessBase"]
[SourceDate "2021.10.06"]
[SourceVersion "1"]
[SourceVersionDate "2021.10.06"]
[SourceQuality "1"]
[WhiteTeam "Galicia U16"]
[BlackTeam "Valencia U16"]
[WhiteTeamCountry "ESP"]
[BlackTeamCountry "ESP"]

1. e4 c5 2. Nf3 d6 3. d4 cxd4 4. Nxd4 Nf6 5. Nc3 a6 6. Be2 e5 7. Nb3 Be7 8. Be3 0-0 9. g4 Be6 10. g5 Nfd7 11. h4 Re8 12. Nd5 Nc6 13. Qd2 Bf8 14. c4 Rc8 15. h5 f5 16. gxf6 Nxf6 17. Bb6 Qd7 18. Nxf6+ gxf6 19. h6 Ne7 20. Rg1+ Ng6 21. Na5 Kh8 22. c5 dxc5 23. Qxd7 Bxd7 24. Nxb7 Rc6 25. 0-0-0 Bc8 26. Nd8 Rxb6 27. Bc4 Bxh6+ 28. Kb1 Kg7 29. Nf7 Bg5 30. Nxg5 fxg5 31. Rxg5 Be6 32. Bd5 Rd6 33. Rgg1 Red8 34. Kc2 Bxd5 35. exd5 Rxd5 36. Rxd5 Rxd5 37. Kc3 Rd4 38. Re1 h5 39. Kc2 h4 40. Re3 Rf4 41. Rh3 e4 42. Rc3 Rxf2+ 43. Kc1 Rf5 44. Kd2 Nf4 45. Re3 Rd5+ 46. Kc2 Rd4 47. b3 h3 48. Rg3+ Kf6 49. Rg1 e3 50. Re1 e2 51. Rh1 h2 52. Re1 Rd1 53. Rxd1 exd1Q+ 54. Kxd1 h1Q+ 0-1

[Event "ESP-chT Regional U16"]
[Site "Gijon"]
[Date "2021.06.18"]
[Round "3.4"]
[White "Donate Moreno, Silvia"]
[Black "Raskin Calvo, Isabela"]
[Result "1-0"]
[WhiteElo "1847"]
[BlackElo "1367"]
[PlyCount "103"]
[EventDate "2021.06.17"]
[EventType "team-swiss"]
[EventRounds "6"]
[EventCountry "ESP"]
[SourceTitle "EXT 2022"]
[Source "ChessBase"]
[SourceDate "2021.10.06"]
[SourceVersion "1"]
[SourceVersionDate "2021.10.06"]
[SourceQuality "1"]
[WhiteTeam "Valencia U16"]
[BlackTeam "Madrid U16"]
[WhiteTeamCountry "ESP"]
[BlackTeamCountry "ESP"]

1. e4 c6 2. d4 d5 3. exd5 cxd5 4. Bd3 Nc6 5. c3 Qc7 6. h3 Nf6 7. Nf3 g6 8. 0-0 Bf5 9. Be2 Bg7 10. Re1 0-0 11. Be3 a6 12. Nbd2 Nd7 13. c4 dxc4 14. Nxc4 Rac8 15. Rc1 Qb8 16. Qd2 Rfd8 17. Na5 Nxa5 18. Qxa5 Qd6 19. Bc4 Be4 20. Ng5 Qb6 21. Bxf7+ Kf8 22. Qxb6 Nxb6 23. Bb3 Bf5 24. Nxh7+ Ke8 25. Rxc8 Nxc8 26. g4 Be4 27. Ng5 Bd5 28. Ne6 Bxe6 29. Bxe6 Nd6 30. a4 b5 31. b3 Ne4 32. axb5 axb5 33. Ra1 Bxd4 34. Bxd4 Rxd4 35. Ra8+ Rd8 36. Bf7+ Kd7 37. Rxd8+ Kxd8 38. Bxg6 Ng5 39. Kg2 e5 40. Kg3 e4 41. h4 e3 42. fxe3 Ne6 43. g5 Ke7 44. Kg4 Nc5 45. Bc2 Kf7 46. h5 Kg7 47. h6+ Kh8 48. g6 b4 49. Kf5 Nxb3 50. g7+ Kg8 51. Bxb3+ Kh7 52. g8Q+ 1-0

[Event "ESP-chT Regional U16"]
[Site "Gijon"]
[Date "2021.06.17"]
[Round "2.4"]
[White "Galarza Arza, Ekain"]
[Black "Donate Moreno, Silvia"]
[Result "0-1"]
[WhiteElo "1468"]
[BlackElo "1847"]
[PlyCount "122"]
[EventDate "2021.06.17"]
[EventType "team-swiss"]
[EventRounds "6"]
[EventCountry "ESP"]
[SourceTitle "EXT 2022"]
[Source "ChessBase"]
[SourceDate "2021.10.06"]
[SourceVersion "1"]
[SourceVersionDate "2021.10.06"]
[SourceQuality "1"]
[WhiteTeam "Navarra U16"]
[BlackTeam "Valencia U16"]
[WhiteTeamCountry "ESP"]
[BlackTeamCountry "ESP"]

1. d4 Nf6 2. Nf3 g6 3. Nc3 d5 4. Bf4 Bg7 5. e3 Bg4 6. Be2 Bxf3 7. Bxf3 c6 8. Qe2 Nbd7 9. 0-0 0-0 10. Rad1 Qb6 11. b3 Rfe8 12. Qd2 e5 13. dxe5 Nxe5 14. Bxe5 Rxe5 15. Na4 Qc7 16. Nc5 Rae8 17. Be2 R5e7 18. c4 d4 19. Bf3 dxe3 20. fxe3 Bh6 21. Qd6 Bxe3+ 22. Kh1 Qxd6 23. Rxd6 Bxc5 24. Rxf6 Rd8 25. Rb1 Be3 26. Bg4 h5 27. Bh3 Rd2 28. a4 Kg7 29. Rff1 Bf2 30. Rfd1 Ree2 31. Rxd2 Rxd2 32. a5 f5 33. g3 c5 34. Bg2 b6 35. axb6 axb6 36. Bd5 h4 37. gxh4 Bxh4 38. b4 cxb4 39. Rxb4 Bf2 40. Rb3 Bc5 41. Rg3 Kf6 42. h3 b5 43. Bg8 b4 44. Bh7 g5 45. Rf3 f4 46. h4 Be3 47. hxg5+ Kxg5 48. Be4 Rd1+ 49. Kg2 Rg1+ 50. Kh2 Rc1 51. Bd3 Rc3 52. Bf1 Kg4 53. Be2 Kf5 54. Kg2 Rc2 55. Kf1 Rc1+ 56. Kg2 Rg1+ 57. Kh2 Re1 58. Bd3+ Ke5 59. Rf1 Rxf1 60. Bxf1 Kd4 61. Kg2 b3 0-1

[Event "Sitges Sunway 7th"]
[Site "Sitges"]
[Date "2020.12.21"]
[Round "8"]
[White "Silva, Pedro Gil Ferreira"]
[Black "Donate Moreno, Silvia"]
[Result "1-0"]
[WhiteElo "2100"]
[BlackElo "1903"]
[PlyCount "117"]
[EventDate "2020.12.13"]
[EventType "swiss"]
[EventRounds "10"]
[EventCountry "ESP"]
[SourceTitle "CBM 199 Extra"]
[Source "ChessBase"]
[SourceDate "2021.01.31"]
[SourceVersion "1"]
[SourceVersionDate "2021.01.31"]
[SourceQuality "1"]

1. e4 c5 2. Nf3 d6 3. c3 Nf6 4. h3 Nc6 5. Bd3 e6 6. Bc2 Be7 7. 0-0 0-0 8. Re1 Qc7 9. d4 cxd4 10. cxd4 Nb4 11. Bb3 d5 12. e5 Ne4 13. a3 Nc6 14. Bc2 f5 15. exf6 Bxf6 16. Bxe4 dxe4 17. Rxe4 Qb6 18. Qe2 Nxd4 19. Nxd4 Bxd4 20. Be3 Bxe3 21. Rxe3 Bd7 22. Nc3 Rf7 23. f3 Bc6 24. Qf2 Bd5 25. Rd3 Qxf2+ 26. Kxf2 Rd7 27. Rad1 Rad8 28. Ke3 Bc6 29. Rxd7 Rxd7 30. Rxd7 Bxd7 31. Kd4 Kf7 32. Ke5 Ke7 33. b4 a6 34. Ne2 Bb5 35. Ng3 b6 36. h4 g6 37. Ne4 h5 38. Nd6 Bf1 39. g3 Kd7 40. Ne4 Ke7 41. Ng5 Be2 42. f4 Bc4 43. Nf3 a5 44. Kd4 Bb5 45. bxa5 bxa5 46. Kc5 Bd3 47. Ne5 Bc2 48. Nc6+ Kf6 49. Nxa5 e5 50. Nc4 exf4 51. gxf4 Kf5 52. Ne3+ Kxf4 53. Nxc2 g5 54. hxg5 h4 55. g6 h3 56. g7 h2 57. g8Q h1Q 58. Qf7+ Kg5 59. Qd5+ 1-0

[Event "Sitges Sunway 7th"]
[Site "Sitges"]
[Date "2020.12.16"]
[Round "4"]
[White "Garcia Jimenez, Francisco Javier"]
[Black "Donate Moreno, Silvia"]
[Result "1-0"]
[WhiteElo "2288"]
[BlackElo "1903"]
[PlyCount "71"]
[EventDate "2020.12.13"]
[EventType "swiss"]
[EventRounds "10"]
[EventCountry "ESP"]
[SourceTitle "CBM 199 Extra"]
[Source "ChessBase"]
[SourceDate "2021.01.31"]
[SourceVersion "1"]
[SourceVersionDate "2021.01.31"]
[SourceQuality "1"]

1. e4 c5 2. Nc3 a6 3. g3 b5 4. Bg2 Bb7 5. d3 e6 6. Nf3 Nf6 7. 0-0 d6 8. h3 Be7 9. a3 Qc7 10. Be3 0-0 11. Re1 Nc6 12. Nh2 Rac8 13. f4 Nd4 14. g4 Rfe8 15. g5 Nd7 16. Ne2 d5 17. Ng3 Bxg5 18. c3 Bh4 19. Nhf1 Nc6 20. exd5 exd5 21. Bxd5 Nf6 22. Bg2 Ne7 23. Re2 Nfd5 24. Bd2 Ng6 25. Nh5 Ba8 26. f5 Ngf4 27. Rxe8+ Rxe8 28. Nxf4 Nxf4 29. Bxa8 Rxa8 30. Qf3 Nxh3+ 31. Qxh3 Qe7 32. Ng3 Bf6 33. Re1 Qc7 34. Ne4 Be5 35. f6 g6 36. Bh6 1-0

[Event "Wch FIDE Online U16 Girls Europe qual"]
[Site "Tornelo INT"]
[Date "2020.12.08"]
[Round "5"]
[White "Mirowska, Oliwia"]
[Black "Donate Moreno, Silvia"]
[Result "1-0"]
[WhiteElo "1477"]
[BlackElo "1315"]
[PlyCount "109"]
[EventDate "2020.12.07"]
[EventType "swiss (rapid)"]
[EventRounds "7"]
[EventCountry "ISS"]
[SourceTitle "EXT 2022"]
[Source "ChessBase"]
[SourceDate "2021.10.06"]
[SourceVersion "1"]
[SourceVersionDate "2021.10.06"]
[SourceQuality "1"]

1. f4 d5 2. Nf3 g6 3. g3 Bg7 4. Bg2 Nf6 5. d3 0-0 6. c3 c5 7. 0-0 Nc6 8. Qc2 b6 9. e4 dxe4 10. dxe4 Bb7 11. h3 Qc7 12. Be3 Rfd8 13. Nbd2 Ba6 14. c4 Bb7 15. f5 Qxg3 16. Rf2 Qc7 17. Ng5 h6 18. Ngf3 g5 19. Raf1 Ne5 20. Nxe5 Qxe5 21. Re1 Nd7 22. b3 Qc7 23. Nf3 Ne5 24. Nxe5 Bxe5 25. Rfe2 Bg3 26. Rf1 Rd6 27. Qc1 f6 28. Kh1 Bc6 29. Bf3 Be8 30. Rg1 Rd3 31. Reg2 Bh4 32. Rg4 Kf8 33. Rxh4 Bc6 34. Rxh6 Ke8 35. Rh8+ Kd7 36. Rxa8 Bxa8 37. Rd1 Rxd1+ 38. Qxd1+ Kc8 39. e5 Bxf3+ 40. Qxf3 Qxe5 41. Qa8+ Qb8 42. Qxb8+ Kxb8 43. Kg2 Kc7 44. Kg3 Kd6 45. Kg4 Ke5 46. Bxg5 fxg5 47. Kxg5 a6 48. h4 b5 49. h5 bxc4 50. bxc4 Kd4 51. h6 Kxc4 52. h7 Kd3 53. h8Q c4 54. Qb2 c3 55. Qc1 1-0

[Event "ESP-ch U16"]
[Site "Salobrena"]
[Date "2020.08.12"]
[Round "4"]
[White "Perez Garcia, Jimena"]
[Black "Donate Moreno, Silvia"]
[Result "1/2-1/2"]
[WhiteElo "1822"]
[BlackElo "1931"]
[PlyCount "70"]
[EventDate "2020.08.10"]
[EventType "swiss"]
[EventRounds "9"]
[EventCountry "ESP"]
[SourceTitle "EXT 2021"]
[Source "ChessBase"]
[SourceDate "2020.10.23"]
[SourceVersion "1"]
[SourceVersionDate "2020.10.23"]
[SourceQuality "1"]

1. d4 Nf6 2. Nf3 g6 3. Bg5 Bg7 4. Nbd2 d6 5. e4 h6 6. Bh4 g5 7. Bg3 Nh5 8. c3 Nd7 9. Bc4 Nxg3 10. hxg3 e6 11. Qc2 Qe7 12. 0-0-0 Nb6 13. Bd3 Bd7 14. Rde1 0-0-0 15. Nh2 c5 16. dxc5 dxc5 17. e5 Bc6 18. Be4 Bd5 19. f4 Nc4 20. Nhf3 Kb8 21. Bxd5 Nxd2 22. Nxd2 exd5 23. Rhf1 Rhe8 24. Qh7 Qf8 25. Qf5 gxf4 26. Qxf4 Re6 27. Qxf7 Rxe5 28. Qf4 Qd6 29. Nf3 Rxe1+ 30. Rxe1 Qxf4+ 31. gxf4 Kc7 32. Re7+ Rd7 33. Rxd7+ Kxd7 34. g4 Ke6 35. Kd2 Bf6 1/2-1/2

[Event "Rutas de Cuenca op 6th"]
[Site "Cuenca"]
[Date "2019.07.21"]
[Round "6"]
[White "Ramirez Sanchez, Nicolas"]
[Black "Donate Moreno, Silvia"]
[Result "1-0"]
[WhiteElo "1588"]
[BlackElo "1752"]
[PlyCount "51"]
[EventDate "2019.07.19"]
[EventType "swiss"]
[EventRounds "7"]
[EventCountry "ESP"]
[SourceTitle "CBM 195 Extra"]
[Source "ChessBase"]
[SourceDate "2020.05.31"]
[SourceVersion "1"]
[SourceVersionDate "2020.05.31"]
[SourceQuality "1"]

1. e4 c5 2. Nf3 g6 3. d4 cxd4 4. Nxd4 Nc6 5. c4 Nf6 6. Nc3 Nxd4 7. Qxd4 d6 8. Be3 Bg7 9. Be2 0-0 10. Qd1 a5 11. 0-0 Bd7 12. f3 a4 13. a3 Qa5 14. Rc1 Bc6 15. Nd5 Bxd5 16. cxd5 Nd7 17. Qc2 Rac8 18. Qxc8 Rxc8 19. Rxc8+ Nf8 20. Rfc1 Bxb2 21. Bh6 Bg7 22. Rxf8+ Bxf8 23. Rc8 Qb6+ 24. Kf1 Qb1+ 25. Kf2 Qb6+ 26. Kg3 1-0